| 000 | 02851cam a22005414i 4500 | ||
|---|---|---|---|
| 003 | PE-LiUPU | ||
| 005 | 20250731172834.0 | ||
| 008 | 150827s2014 miu rb 001 0 eng d | ||
| 020 |
_a9780802869241 _q(pbk. : alk. paper) |
||
| 035 | _a(Sirsi) i9780802869241 | ||
| 040 |
_aDLC _bspa _cDLC _dDLC _dPE-LiUPU _erda |
||
| 049 | _aPRUA | ||
| 050 | 0 | 0 |
_aBR333.3 _b.H3613 2014 |
| 082 | 0 | 4 |
_a284.1092 _bH19 _223 |
| 100 | 1 |
_aHamm, Berndt, _eautor. |
|
| 240 | 1 | 0 |
_aFrühe Luther. _lEnglish |
| 245 | 1 | 4 |
_aThe early Luther : _bstages in a Reformation reorientation / _cBerndt Hamm ; translated by Martin J. Lohrmann. |
| 264 | 1 |
_aGrand Rapids, Michigan : _bWilliam B. Eerdmans Publishing Company, _c[2014]. |
|
| 300 |
_axix, 286 páginas ; _c23 centímetros. |
||
| 336 |
_atext _2rdacontent |
||
| 337 |
_aunmediated _2rdamedia |
||
| 338 |
_avolume _2rdacarrier |
||
| 490 | 0 | _aLutheran quarterly books | |
| 504 | _aBibliografía : páginas 258-278. | ||
| 504 | _aÍndice : páginas 279-286. | ||
| 505 | 0 | _a1. From the medieval "love of God" to Luther's "faith": a contribution to the history of repentance -- 2. Impending doom and imminent grace: Luther's early years in the cloister as the beginning of his Reformation reorientation -- 3. Why did Luther turn faith into the central concept of the Christian life? -- 4. The Ninety-five Theses: a Reformation text in the context of Luther's early theology of repentance -- 5. Luther's instructions for a blessed death, viewed against the background of the late medieval Ars Moriendi -- 6. Luther's discovery of evangelical freedom -- 7. Freedom from the pope and pastoral care to the pope: the compositional unity of The Freedom of a Christian and its dedication letter to Pope Leo X -- 8. How mystical was Luther's faith? -- 9. Justification by faith alone: a profile of the Reformation doctrine of justification. | |
| 526 | _aSEG42 | ||
| 526 | _aSEG41 | ||
| 526 | _aSEG40 | ||
| 526 | _aSEG39 | ||
| 526 | _aP94 | ||
| 526 | _aP87 | ||
| 526 | _aP86 | ||
| 526 | _aP85 | ||
| 526 | _aP77 | ||
| 526 | _aP76 | ||
| 526 | _aP35 | ||
| 600 | 1 | 0 |
_aLuther, Martin, _d1483-1546. |
| 650 | 0 | _aReformation. | |
| 700 | 1 |
_aLohrmann, Martin J., _etraductor. |
|
| 910 |
_aaas _bjck _caas _d20150827 |
||
| 942 |
_2ddc _cBOOK |
||
| 949 |
_aPGT 284.1092 H19 _wDEWEY _c1 _i71789 _lCCODEBUL1 _mBUL _p36.00 _r0 _sY _tBOOK _u2015-8-27 _xTEOLOGIA _PP85 _0COMPRA _o.CIRCNOTE. No olvidar cambiar la fecha de devolución!!!!!!! _o.STAFF. Posgrado |
||
| 994 |
_aC0 _bPEPRU |
||
| 596 | _a1 | ||
| 999 |
_aPGT 284.1092 H19 _wDEWEY _c6920 _i71789 _d6920 _e2018-10-12 _f2021-11-11 _g5 _lCCODEBUL1 _mBUL _n10 _p36.00 _q4 _r0 _sY _tBOOK _u2015-8-27 _xTEOLOGIA _PP85 _0COMPRA _o.CIRCNOTE. No olvidar cambiar la fecha de devolución!!!!!!! _o.STAFF. Posgrado |
||
| 980 |
_81 _gALBERTO SANCHEZ Responsable de Automatización |
||